[Event "DM Kandidatklassen 2021"]
[Site "Svendborg"]
[Date "2021.10.18"]
[Round "1.1"]
[White "Jensen, Bjarke"]
[Black "Liu, Casper Yukun"]
[Result "1-0"]
[WhiteElo "2349"]
[BlackElo "2150"]
[PlyCount "45"]
[EventDate "2021.10.18"]
[EventType "swiss"]
[EventRounds "7"]
[EventCountry "DEN"]

1. e4 c6 2. d4 d5 3. e5 Bf5 4. Be3 e6 5. Nd2 Ne7 6. Nb3 Nd7 7. Be2 c5 8. Nxc5
Nxc5 9. dxc5 Nc6 10. Nf3 Be4 11. O-O Bxf3 12. Bxf3 Nxe5 13. Be2 Nc6 14. b4 Be7
15. Rb1 O-O 16. f4 b6 17. b5 Na5 18. c6 Bc5 19. Bxc5 bxc5 20. f5 e5 21. f6 g6
22. Qd2 Kh8 23. c7 1-0

[Event "DM Kandidatklassen 2021"]
[Site "Svendborg"]
[Date "2021.10.18"]
[Round "1.2"]
[White "Guindy, Esmat Susanne"]
[Black "Sylvan, Jacob"]
[Result "0-1"]
[WhiteElo "2113"]
[BlackElo "2295"]
[PlyCount "108"]
[EventDate "2021.10.18"]
[EventType "swiss"]
[EventRounds "7"]
[EventCountry "DEN"]

1. d4 Nf6 2. c4 g6 3. g3 Bg7 4. Bg2 O-O 5. Nf3 d6 6. O-O Nbd7 7. Nc3 e5 8. e4
exd4 9. Nxd4 Re8 10. h3 Nc5 11. Re1 Bd7 12. f3 a6 13. Be3 h6 14. Qd2 Kh7 15.
Kh2 Rb8 16. Rac1 b5 17. b4 Ne6 18. c5 dxc5 19. Nxe6 Bxe6 20. Qxd8 Rbxd8 21.
Bxc5 Nd7 22. Bg1 Ne5 23. Nd5 Nd3 24. Nxc7 Rf8 25. Bc5 Rg8 26. Nxe6 fxe6 27. Be7
Rde8 28. Bd6 Nxe1 29. Rxe1 Rc8 30. Re2 Rc4 31. f4 e5 32. fxe5 Re8 33. e6 Rxe6
34. e5 Rd4 35. Bf3 h5 36. g4 Kh6 37. Kg2 h4 38. g5+ Kxg5 39. Bc5 Rc4 40. Bd5
Rxe5 41. Bxc4 bxc4 42. Rc2 Re4 43. Kf3 Kf5 44. a4 c3 45. a5 g5 46. Re2 Rc4 47.
Rc2 g4+ 48. hxg4+ Rxg4 49. Bd6 Rd4 50. Bc5 Rd3+ 51. Ke2 Ke4 52. b5 Rd5 53. Bb4
Rxb5 54. Bxc3 Rc5 0-1

[Event "DM Kandidatklassen 2021"]
[Site "Svendborg"]
[Date "2021.10.18"]
[Round "1.3"]
[White "Strange, Mikkel"]
[Black "Nilssen, Ellen Fredericia"]
[Result "1-0"]
[WhiteElo "2309"]
[BlackElo "2081"]
[PlyCount "97"]
[EventDate "2021.10.18"]
[EventType "swiss"]
[EventRounds "7"]
[EventCountry "DEN"]

1. e4 c5 2. c3 e6 3. d3 d5 4. Nd2 Nf6 5. Ngf3 Nc6 6. Qc2 Be7 7. Be2 h6 8. O-O
b6 9. Re1 Bb7 10. b3 Qc7 11. Bb2 O-O-O 12. exd5 Nxd5 13. d4 cxd4 14. cxd4 Kb8
15. Rac1 Rc8 16. a3 Rhd8 17. b4 Nf4 18. Bf1 g5 19. Qa4 Qd7 20. Bb5 Qd5 21. Bc4
Qf5 22. d5 Qg4 23. g3 Nxd5 24. Bb5 Nf4 25. Bxc6 Rxc6 26. Rxc6 Nh3+ 27. Kf1 Qf5
28. Be5+ Ka8 29. Qc2 g4 30. Qxf5 exf5 31. Rxh6 gxf3 32. Nxf3 Bxf3 33. Rxh3 Rd3
34. Rh8+ Kb7 35. b5 a6 36. a4 Bc5 37. Bf4 Rb3 38. Be3 Bb4 39. Bd2 Bc5 40. h4
axb5 41. axb5 Rxb5 42. h5 Rb2 43. Be3 Bb4 44. Rc1 Ba3 45. h6 Ra2 46. Rb1 Bb2
47. Re8 Be4 48. Rxe4 fxe4 49. Rxb2 1-0

[Event "DM Kandidatklassen 2021"]
[Site "Svendborg"]
[Date "2021.10.18"]
[Round "1.4"]
[White "Easwaralingam, Adesh"]
[Black "Rey Malde, Henrique"]
[Result "0-1"]
[WhiteElo "2136"]
[BlackElo "2260"]
[PlyCount "70"]
[EventDate "2021.10.18"]
[EventType "swiss"]
[EventRounds "7"]
[EventCountry "DEN"]

1. e4 c5 2. Nf3 d6 3. d4 cxd4 4. Nxd4 Nf6 5. Nc3 g6 6. Be3 Bg7 7. f3 O-O 8. Qd2
Nc6 9. g4 Be6 10. Nxe6 fxe6 11. O-O-O Qc8 12. Be2 Ne5 13. Kb1 Nc4 14. Bxc4 Qxc4
15. Bh6 Nd7 16. Bxg7 Kxg7 17. h4 Rxf3 18. h5 Rg8 19. hxg6 hxg6 20. Ne2 e5 21.
Qh6+ Kf7 22. Ng1 Rf1 23. Nh3 Rxd1+ 24. Rxd1 Ke8 25. Ng5 Qe2 26. Rg1 Qe3 27. Rh1
Nf6 28. Qh4 Kd7 29. Rf1 Nxe4 30. Nxe4 Qxe4 31. Re1 Rh8 32. Rxe4 Rxh4 33. c3 Rh2
34. a4 Rf2 35. Rb4 b6 0-1

[Event "DM Kandidatklassen 2021"]
[Site "Svendborg"]
[Date "2021.10.18"]
[Round "1.5"]
[White "Jaksland, Tim"]
[Black "Steffensen, Elena"]
[Result "1/2-1/2"]
[WhiteElo "2212"]
[BlackElo "2071"]
[PlyCount "79"]
[EventDate "2021.10.18"]
[EventType "swiss"]
[EventRounds "7"]
[EventCountry "DEN"]

1. e4 g6 2. d4 Bg7 3. Nc3 c6 4. h3 d6 5. Be3 Nf6 6. f4 Qa5 7. Qd2 b5 8. Bd3 b4
9. Nce2 Bb7 10. c4 bxc3 11. Nxc3 O-O 12. Nf3 Na6 13. O-O Nb4 14. e5 Ne8 15. Ne4
Qb6 16. d5 c5 17. Bc4 Nc7 18. Nc3 Ba6 19. b3 Bxc4 20. bxc4 a5 21. Rab1 Qa7 22.
Ne4 Rfd8 23. a3 Nba6 24. Qxa5 f5 25. Nc3 e6 26. dxe6 Nxe6 27. Rb6 Nac7 28. Qxa7
Rxa7 29. Nd5 Rxa3 30. Nxc7 Nxc7 31. exd6 Na8 32. Bxc5 Nxb6 33. Bxb6 Rxd6 34.
Bc5 Rxf3 35. Rxf3 Rc6 36. Ba7 Rxc4 37. g3 Bd4+ 38. Bxd4 Rxd4 39. Re3 Rd2 40. h4
1/2-1/2

[Event "DM Kandidatklassen 2021"]
[Site "Svendborg"]
[Date "2021.10.18"]
[Round "1.6"]
[White "Koch Mueller, Oscar"]
[Black "Thuesen, Mogens Henrik"]
[Result "0-1"]
[WhiteElo "1952"]
[BlackElo "2196"]
[PlyCount "132"]
[EventDate "2021.10.18"]
[EventType "swiss"]
[EventRounds "7"]
[EventCountry "DEN"]

1. d4 Nf6 2. c4 c5 3. d5 e5 4. Nc3 d6 5. g3 Be7 6. Bg2 O-O 7. e4 Na6 8. Nge2
Nc7 9. O-O a6 10. a4 b6 11. f4 Nd7 12. f5 Rb8 13. Qd3 Nf6 14. h3 b5 15. axb5
axb5 16. Nxb5 Nxb5 17. cxb5 Bd7 18. Nc3 Qb6 19. Ra6 Bxb5 20. Qxb5 Qxb5 21. Nxb5
Rxb5 22. Bg5 Rfb8 23. Ra7 Bf8 24. Bc1 Rb4 25. Re1 Rc4 26. Ra3 Rbb4 27. Rae3 g6
28. fxg6 hxg6 29. b3 Rc2 30. Rd3 Kh7 31. Bg5 Ne8 32. Rf1 Kg7 33. Rdf3 Rb7 34.
R1f2 Rxf2 35. Kxf2 Be7 36. Bd2 Nc7 37. Bf1 Ne8 38. b4 cxb4 39. Rb3 f5 40. Bg2
Nf6 41. exf5 gxf5 42. Rxb4 Rxb4 43. Bxb4 e4 44. Bc3 Kg6 45. Bxf6 Kxf6 46. h4
Ke5 47. Bh3 Kxd5 48. Bxf5 Ke5 49. Bc8 d5 50. Ke2 Kd4 51. Bb7 Bd6 52. g4 Bg3 53.
h5 Bf4 54. Bc6 Bg5 55. Bb7 Ke5 56. Bc8 d4 57. Ba6 Kd6 58. Bb5 Kc5 59. Ba6 Bh6
60. Bc8 d3+ 61. Kd1 e3 62. Bb7 e2+ 63. Ke1 Bg5 64. Bf3 Bh4+ 65. Kd2 e1=Q+ 66.
Kxd3 Bg5 0-1

[Event "DM Kandidatklassen 2021"]
[Site "Svendborg"]
[Date "2021.10.18"]
[Round "1.7"]
[White "Kolbak, Jens"]
[Black "Meskenas, Paulius"]
[Result "1/2-1/2"]
[WhiteElo "2177"]
[BlackElo "2044"]
[PlyCount "152"]
[EventDate "2021.10.18"]
[EventType "swiss"]
[EventRounds "7"]
[EventCountry "DEN"]

1. d4 Nf6 2. Nf3 d5 3. c4 c6 4. e3 g6 5. Nc3 Bg7 6. Be2 O-O 7. O-O b6 8. b3 Bb7
9. Bb2 Nbd7 10. Rc1 Rc8 11. Bd3 c5 12. Nxd5 Nxd5 13. cxd5 Bxd5 14. Ba6 Rc7 15.
Qe2 Nb8 16. Bb5 Bxf3 17. Qxf3 a6 18. Be2 Rd7 19. Rcd1 cxd4 20. Bxd4 Bxd4 21.
exd4 Rxd4 22. Rxd4 Qxd4 23. Qb7 Qb4 24. Bxa6 Nxa6 25. Qxa6 Rd8 26. Qe2 Rd2 27.
Qe1 Qd6 28. a4 Rb2 29. Qc3 Qa3 30. Rd1 f6 31. h4 Qxb3 32. Rd8+ Kf7 33. Qc6 Kg7
34. Qe8 Qf7 35. Qc6 Rb1+ 36. Kh2 Rb4 37. g3 Qa2 38. Kg2 Rb2 39. Qf3 Qxa4 40. h5
Qa2 41. Qe3 Kf7 42. hxg6+ hxg6 43. Rd1 Rb5 44. Qf3 Rf5 45. Qe3 Qa8+ 46. f3 Qa2+
47. Rd2 Qe6 48. Qd3 Rh5 49. g4 Ra5 50. Qb1 Ra3 51. Rf2 Kg7 52. Qb2 Rb3 53. Qd4
b5 54. g5 b4 55. gxf6+ Qxf6 56. Qd2 Rb1 57. Re2 b3 58. Kf2 Ra1 59. Qb4 Ra2 60.
Qxb3 Qd4+ 61. Kf1 Ra1+ 62. Re1 Rxe1+ 63. Kxe1 Qg1+ 64. Ke2 Qg2+ 65. Ke3 Qg5+
66. Ke2 Qe5+ 67. Kf2 g5 68. Qc4 Qb2+ 69. Kg3 Qf6 70. Kg4 Qe5 71. Kh3 Kf6 72.
Kg2 Qb2+ 73. Kg3 e6 74. Qc8 Qe5+ 75. Kg2 Qe2+ 76. Kg3 Qe1+ 1/2-1/2

[Event "DM Kandidatklassen 2021"]
[Site "Svendborg"]
[Date "2021.10.18"]
[Round "1.8"]
[White "Loftgaard, Mikkel Vinh"]
[Black "Thorsbro, Peter"]
[Result "1-0"]
[WhiteElo "2084"]
[BlackElo "2171"]
[PlyCount "167"]
[EventDate "2021.10.18"]
[EventType "swiss"]
[EventRounds "7"]
[EventCountry "DEN"]

1. e4 c5 2. c3 d5 3. exd5 Nf6 4. d4 Qxd5 5. Nf3 Nc6 6. Be2 cxd4 7. cxd4 e6 8.
O-O Be7 9. Nc3 Qa5 10. Bf4 O-O 11. Qb3 Rd8 12. Rfd1 Qb4 13. Qc4 Bd7 14. a3 Qxc4
15. Bxc4 Rac8 16. Ba2 Na5 17. Ne5 Bxa3 18. Bxe6 Bxe6 19. Rxa3 Nb3 20. Be3 a6
21. h3 Nd5 22. Ne4 Nxe3 23. fxe3 Rc2 24. Ng5 Rxb2 25. Nxe6 fxe6 26. Nc4 Rc2 27.
Rxb3 Rxc4 28. Rxb7 e5 29. d5 e4 30. Re7 Rc5 31. d6 Rf5 32. Rxe4 Rf6 33. d7 Kf7
34. Red4 a5 35. Rd5 Ra6 36. Ra1 Ke6 37. Raxa5 Rxa5 38. Rxa5 Rxd7 39. Kf2 Rf7+
40. Ke2 Rb7 41. g4 Rb2+ 42. Kf3 Rh2 43. Kg3 Re2 44. Kf4 Rh2 45. Ra6+ Kf7 46.
Ra7+ Kf6 47. Ra6+ Kf7 48. Kg3 Re2 49. Ra3 Kf6 50. h4 Ke5 51. Kf3 Rh2 52. Ra5+
Ke6 53. h5 Rh1 54. Kf4 Rf1+ 55. Ke4 Rg1 56. Ra6+ Kf7 57. Kf5 Rf1+ 58. Ke5 h6
59. Ra4 Rb1 60. Ra7+ Kf8 61. Kf5 Rb5+ 62. Kf4 Rb1 63. e4 Rf1+ 64. Ke5 Rb1 65.
Kf5 Rb5+ 66. e5 Rb6 67. Rd7 Ra6 68. Rd6 Ra4 69. g5 hxg5 70. Kxg5 Ra1 71. Rd7
Rf1 72. Kg6 Rg1+ 73. Kf5 Ra1 74. Ke6 Ra6+ 75. Rd6 Ra8 76. Rc6 Re8+ 77. Kd6 Rd8+
78. Ke6 Re8+ 79. Kf5 Ra8 80. Kg6 Re8 81. e6 Ra8 82. e7+ Kxe7 83. Kxg7 Ra1 84.
h6 1-0

[Event "DM Kandidatklassen 2021"]
[Site "Svendborg"]
[Date "2021.10.19"]
[Round "2.1"]
[White "Rey Malde, Henrique"]
[Black "Jensen, Bjarke"]
[Result "1/2-1/2"]
[WhiteElo "2260"]
[BlackElo "2349"]
[PlyCount "66"]
[EventDate "2021.10.18"]
[EventType "swiss"]
[EventRounds "7"]
[EventCountry "DEN"]

1. e4 c6 2. d4 d5 3. e5 Bf5 4. h4 Qc8 5. Nc3 h6 6. Be3 e6 7. g4 Bh7 8. h5 Nd7
9. f4 c5 10. Nf3 c4 11. f5 Bb4 12. Bh3 Qc6 13. Qd2 Ne7 14. fxe6 fxe6 15. O-O
O-O-O 16. a3 Bxc3 17. Qxc3 Rde8 18. Rf2 g6 19. Nh4 gxh5 20. gxh5 Be4 21. Kh2
Rhg8 22. Rg1 Rxg1 23. Kxg1 Rg8+ 24. Kh2 Nf5 25. Nxf5 exf5 26. Qb4 Qe6 27. Qd6
Qxd6 28. exd6 Nf6 29. Bxh6 Kd7 30. Bf4 Nxh5 31. Be5 Ke6 32. c3 Nf6 33. Rf1 Rg5
1/2-1/2

[Event "DM Kandidatklassen 2021"]
[Site "Svendborg"]
[Date "2021.10.19"]
[Round "2.2"]
[White "Sylvan, Jacob"]
[Black "Loftgaard, Mikkel Vinh"]
[Result "1-0"]
[WhiteElo "2295"]
[BlackElo "2084"]
[PlyCount "57"]
[EventDate "2021.10.18"]
[EventType "swiss"]
[EventRounds "7"]
[EventCountry "DEN"]

1. d4 d5 2. c4 e6 3. Nf3 c5 4. cxd5 exd5 5. g3 Nc6 6. Bg2 Nf6 7. O-O cxd4 8.
Nxd4 Bc5 9. Nxc6 bxc6 10. Qc2 Qb6 11. Nc3 Be7 12. e4 Qc5 13. exd5 cxd5 14. Be3
Qa5 15. Nxd5 Rb8 16. Nxe7 Kxe7 17. Bc5+ Kd8 18. b4 Qc7 19. Qd2+ Qd7 20. Qg5 Qg4
21. Rad1+ Bd7 22. Qe5 Kc8 23. Rc1 Bb5 24. Bd4+ Kd8 25. Qxb8+ Ke7 26. Bc5+ Kd7
27. Qd6+ Kc8 28. Bd4+ Bc4 29. Rxc4# 1-0

[Event "DM Kandidatklassen 2021"]
[Site "Svendborg"]
[Date "2021.10.19"]
[Round "2.3"]
[White "Thuesen, Mogens Henrik"]
[Black "Strange, Mikkel"]
[Result "1-0"]
[WhiteElo "2196"]
[BlackElo "2309"]
[PlyCount "87"]
[EventDate "2021.10.18"]
[EventType "swiss"]
[EventRounds "7"]
[EventCountry "DEN"]

1. d4 f5 2. Bg5 c6 3. Nc3 d5 4. e3 Qb6 5. Bd3 Nf6 6. Bxf6 exf6 7. Rb1 Be6 8.
Qf3 g6 9. g4 Nd7 10. gxf5 gxf5 11. Bxf5 Bxf5 12. Qxf5 O-O-O 13. Nge2 Bd6 14.
Kd2 Rdg8 15. h4 Rg6 16. Nf4 Bxf4 17. Qxf4 Rhg8 18. Qf5 h6 19. Rbf1 Qa6 20. Kc1
b5 21. a3 Qb7 22. Ne2 b4 23. axb4 Qxb4 24. Nf4 Rg4 25. Nd3 Qe7 26. Kd2 Kb8 27.
Ra1 Nb6 28. b3 Nc8 29. Nc5 Nd6 30. Qxf6 Qxf6 31. Nd7+ Kb7 32. Nxf6 Ne4+ 33.
Nxe4 dxe4 34. Ra5 Rf8 35. Rh2 Rg1 36. Re5 Rg4 37. Ke2 Rf6 38. h5 Kc7 39. Kf1
Kd6 40. Rg2 Rh4 41. Kg1 Rf3 42. Rg3 Rf6 43. c4 Kc7 44. c5 1-0

[Event "DM Kandidatklassen 2021"]
[Site "Svendborg"]
[Date "2021.10.19"]
[Round "2.4"]
[White "Meskenas, Paulius"]
[Black "Jaksland, Tim"]
[Result "1-0"]
[WhiteElo "2044"]
[BlackElo "2212"]
[PlyCount "71"]
[EventDate "2021.10.18"]
[EventType "swiss"]
[EventRounds "7"]
[EventCountry "DEN"]

1. e4 e5 2. Nf3 Nc6 3. Bc4 Bc5 4. d3 Nf6 5. Bg5 h6 6. Bh4 Be7 7. Nc3 d6 8. h3
Na5 9. Bb3 Nxb3 10. axb3 O-O 11. O-O c6 12. d4 Nh5 13. Bg3 Nxg3 14. fxg3 Qb6
15. Kh2 exd4 16. Nxd4 Bf6 17. Nf5 Bxf5 18. exf5 d5 19. Ra4 Rae8 20. Ne2 Re5 21.
h4 Rfe8 22. Nf4 Re4 23. Nh5 Rxa4 24. bxa4 Qxb2 25. Rf4 Qc3 26. Qg4 Kh7 27. Rf3
Qxc2 28. Nxf6+ gxf6 29. Qh5 Re7 30. g4 Qd2 31. g5 fxg5 32. f6 Rc7 33. Rg3 Qc2
34. Rxg5 Qd2 35. Rg7+ Kh8 36. Qf5 1-0

[Event "DM Kandidatklassen 2021"]
[Site "Svendborg"]
[Date "2021.10.19"]
[Round "2.5"]
[White "Steffensen, Elena"]
[Black "Kolbak, Jens"]
[Result "1/2-1/2"]
[WhiteElo "2071"]
[BlackElo "2177"]
[PlyCount "40"]
[EventDate "2021.10.18"]
[EventType "swiss"]
[EventRounds "7"]
[EventCountry "DEN"]

1. e4 e5 2. Nf3 Nc6 3. Bb5 a6 4. Ba4 Nf6 5. d4 exd4 6. O-O Be7 7. e5 Ne4 8.
Nxd4 Nxd4 9. Qxd4 Nc5 10. Bb3 Nxb3 11. axb3 O-O 12. Bf4 d6 13. exd6 Bxd6 14.
Bxd6 Qxd6 15. Qxd6 cxd6 16. Na3 Be6 17. Rad1 Rfd8 18. Rd4 Kf8 19. Rfd1 Ke7 20.
Nc4 Bxc4 1/2-1/2

[Event "DM Kandidatklassen 2021"]
[Site "Svendborg"]
[Date "2021.10.19"]
[Round "2.6"]
[White "Thorsbro, Peter"]
[Black "Easwaralingam, Adesh"]
[Result "1-0"]
[WhiteElo "2171"]
[BlackElo "2136"]
[PlyCount "67"]
[EventDate "2021.10.18"]
[EventType "swiss"]
[EventRounds "7"]
[EventCountry "DEN"]

1. d4 Nf6 2. Nf3 c5 3. d5 e6 4. c4 exd5 5. cxd5 d6 6. Nc3 g6 7. e4 Bg7 8. Be2
O-O 9. Bf4 Re8 10. Nd2 a6 11. a4 Bf8 12. O-O Nbd7 13. h3 Rb8 14. Qc2 Qc7 15. a5
b5 16. axb6 Rxb6 17. Ra2 Bb7 18. Rfa1 Rb4 19. Be3 Qb8 20. Ra4 Rc8 21. b3 Ne8
22. Bxa6 Bxa6 23. Rxa6 Nc7 24. R6a5 Bg7 25. R1a2 Nb6 26. Na4 Nca8 27. Nb2 Bxb2
28. Qxb2 c4 29. Rxa8 Nxa8 30. Qf6 Nc7 31. Bd4 Kf8 32. Qxd6+ Kg8 33. Qf6 Kf8 34.
Qg7+ 1-0

[Event "DM Kandidatklassen 2021"]
[Site "Svendborg"]
[Date "2021.10.19"]
[Round "2.7"]
[White "Liu, Casper Yukun"]
[Black "Koch Mueller, Oscar"]
[Result "1-0"]
[WhiteElo "2150"]
[BlackElo "1952"]
[PlyCount "51"]
[EventDate "2021.10.18"]
[EventType "swiss"]
[EventRounds "7"]
[EventCountry "DEN"]

1. d4 Nf6 2. Bf4 e6 3. e3 c5 4. Nf3 Qb6 5. Na3 cxd4 6. Nb5 Nd5 7. Qxd4 Qxd4 8.
Nfxd4 Nxf4 9. exf4 Bb4+ 10. c3 Ba5 11. Nd6+ Ke7 12. Nc4 Bc7 13. Nb5 Bxf4 14. g3
a6 15. Nb6 axb5 16. Nxa8 Bd6 17. Bxb5 Bc5 18. O-O h5 19. a4 h4 20. b4 Ba7 21.
a5 hxg3 22. hxg3 b6 23. axb6 Bb7 24. f3 Nc6 25. Bxc6 Bxc6 26. Rxa7 1-0

[Event "DM Kandidatklassen 2021"]
[Site "Svendborg"]
[Date "2021.10.19"]
[Round "2.8"]
[White "Nilssen, Ellen Fredericia"]
[Black "Guindy, Esmat Susanne"]
[Result "1-0"]
[WhiteElo "2081"]
[BlackElo "2113"]
[PlyCount "59"]
[EventDate "2021.10.18"]
[EventType "swiss"]
[EventRounds "7"]
[EventCountry "DEN"]

1. d4 d5 2. c4 e6 3. Nc3 Be7 4. Bf4 Nf6 5. e3 O-O 6. Rc1 c6 7. Bd3 b6 8. Nf3
dxc4 9. Bxc4 Bb7 10. O-O c5 11. Nb5 Na6 12. Qe2 Bd5 13. dxc5 Bxc5 14. Rfd1 Bxc4
15. Qxc4 Qc8 16. Be5 Qb7 17. Ng5 Qe7 18. Nd6 Nd7 19. Bxg7 Kxg7 20. Qg4 Kh8 21.
Qh5 f6 22. Ngf7+ Rxf7 23. Nxf7+ Kg7 24. Rc4 Nf8 25. Rg4+ Ng6 26. Qh6+ Kg8 27.
Rxg6+ hxg6 28. Qh8+ Kxf7 29. Qxa8 Kg7 30. Qc8 1-0

[Event "DM Kandidatklassen 2021"]
[Site "Svendborg"]
[Date "2021.10.20"]
[Round "3.1"]
[White "Thuesen, Mogens Henrik"]
[Black "Sylvan, Jacob"]
[Result "0-1"]
[WhiteElo "2196"]
[BlackElo "2295"]
[PlyCount "74"]
[EventDate "2021.10.18"]
[EventType "swiss"]
[EventRounds "7"]
[EventCountry "DEN"]

1. d4 Nf6 2. c4 e6 3. Nc3 Bb4 4. e3 O-O 5. Bd3 d5 6. Nf3 b6 7. O-O Bb7 8. a3
Be7 9. b3 Nbd7 10. Bb2 c5 11. Qe2 dxc4 12. bxc4 Qc7 13. Rfd1 cxd4 14. exd4 Rfe8
15. a4 Nf8 16. Ne5 Ng6 17. Nxg6 hxg6 18. a5 bxa5 19. Qe3 Bb4 20. Qh3 Qf4 21.
Ne2 Qg5 22. Ba3 Bc6 23. Rdb1 Reb8 24. Bc1 Qh5 25. Qe3 Bd6 26. Nf4 Qd1+ 27. Bf1
Rxb1 28. Rxb1 Rb8 29. Rxb8+ Bxb8 30. Ba3 Ng4 31. Qe2 Qxd4 32. Qxg4 Qxf4 33.
Qxf4 Bxf4 34. g3 Bd2 35. Bg2 Bxg2 36. Kxg2 Bb4 37. Bb2 Bc5 0-1

[Event "DM Kandidatklassen 2021"]
[Site "Svendborg"]
[Date "2021.10.20"]
[Round "3.2"]
[White "Jensen, Bjarke"]
[Black "Meskenas, Paulius"]
[Result "1/2-1/2"]
[WhiteElo "2349"]
[BlackElo "2044"]
[PlyCount "76"]
[EventDate "2021.10.18"]
[EventType "swiss"]
[EventRounds "7"]
[EventCountry "DEN"]

1. e4 e5 2. Nf3 Nc6 3. Bc4 Nf6 4. d3 Bc5 5. O-O h6 6. c3 d6 7. b4 Bb6 8. Re1
Bg4 9. Nbd2 a5 10. b5 Ne7 11. a4 Ng6 12. Qc2 Qd7 13. d4 O-O-O 14. Bf1 Bh5 15.
Bb2 Nf4 16. Kh1 Bxf3 17. Nxf3 g5 18. Rad1 g4 19. Nd2 h5 20. Nc4 Qe6 21. Bc1 h4
22. Be3 N6h5 23. dxe5 dxe5 24. Bxb6 cxb6 25. Ne3 g3 26. Kg1 Rdg8 27. Nf5 gxf2+
28. Kxf2 Nf6 29. h3 Ne8 30. Qd2 Nc7 31. Qd6 Rd8 32. Ne7+ Kb8 33. Qxd8+ Rxd8 34.
Rxd8+ Ka7 35. Nc8+ Kb8 36. Nxb6+ Ka7 37. Nc8+ Ka8 38. Nd6+ Ka7 1/2-1/2

[Event "DM Kandidatklassen 2021"]
[Site "Svendborg"]
[Date "2021.10.20"]
[Round "3.3"]
[White "Strange, Mikkel"]
[Black "Rey Malde, Henrique"]
[Result "1-0"]
[WhiteElo "2309"]
[BlackElo "2260"]
[PlyCount "85"]
[EventDate "2021.10.18"]
[EventType "swiss"]
[EventRounds "7"]
[EventCountry "DEN"]

1. e4 c5 2. c3 Nf6 3. e5 Nd5 4. d4 cxd4 5. Nf3 d6 6. Qxd4 e6 7. Nbd2 Nc6 8. Bb5
Bd7 9. Bxc6 Bxc6 10. Nc4 f6 11. exf6 Qxf6 12. Bg5 Qxd4 13. Nxd4 h6 14. Bd2 Kf7
15. O-O Be7 16. f4 Nc7 17. Rae1 Bb5 18. Nxb5 Nxb5 19. f5 e5 20. f6 gxf6 21. Ne3
Nc7 22. Rf3 Ke6 23. Nf5 h5 24. Ref1 Raf8 25. c4 d5 26. Nxe7 Kxe7 27. Bb4+ Ke6
28. Bxf8 Rxf8 29. cxd5+ Nxd5 30. Rh3 Rh8 31. Rg3 Rh7 32. Rc1 Nf4 33. Kf1 e4 34.
Rgc3 Nd5 35. Rc8 b6 36. Re8+ Kf5 37. Re1 e3 38. Rd1 Rd7 39. g3 Kg4 40. Rd4+ Kf3
41. Ree4 e2+ 42. Rxe2 f5 43. Re5 1-0

[Event "DM Kandidatklassen 2021"]
[Site "Svendborg"]
[Date "2021.10.20"]
[Round "3.4"]
[White "Kolbak, Jens"]
[Black "Nilssen, Ellen Fredericia"]
[Result "1/2-1/2"]
[WhiteElo "2177"]
[BlackElo "2081"]
[PlyCount "82"]
[EventDate "2021.10.18"]
[EventType "swiss"]
[EventRounds "7"]
[EventCountry "DEN"]

1. d4 Nf6 2. c4 g6 3. Nc3 d5 4. cxd5 Nxd5 5. e4 Nxc3 6. bxc3 Bg7 7. Bc4 c5 8.
Ne2 O-O 9. O-O Nc6 10. Be3 Qc7 11. Rc1 Rd8 12. Qd2 Ne5 13. Bb3 Ng4 14. Bf4 e5
15. Bg3 Qb6 16. Rb1 Qa5 17. h3 Nh6 18. Bxe5 Bxe5 19. Qxh6 Bg7 20. Qf4 Rf8 21.
Bd5 Be6 22. Bxb7 Rab8 23. d5 Bd7 24. Rfe1 Rfe8 25. Bc6 Rxb1 26. Rxb1 Be5 27.
Qd2 Bxc6 28. dxc6 Rd8 29. Qc2 Qa6 30. f4 Bc7 31. e5 Qxc6 32. Rf1 Qd5 33. c4 Qd2
34. Qxd2 Rxd2 35. Nc3 Rc2 36. Nd5 Bd8 37. Rf2 Rxc4 38. Rd2 Ba5 39. Rb2 Kg7 40.
Kf2 Rd4 41. Rb5 Rd2+ 1/2-1/2

[Event "DM Kandidatklassen 2021"]
[Site "Svendborg"]
[Date "2021.10.20"]
[Round "3.5"]
[White "Steffensen, Elena"]
[Black "Thorsbro, Peter"]
[Result "0-1"]
[WhiteElo "2071"]
[BlackElo "2171"]
[PlyCount "96"]
[EventDate "2021.10.18"]
[EventType "swiss"]
[EventRounds "7"]
[EventCountry "DEN"]

1. e4 e5 2. Nf3 Nc6 3. Bb5 a6 4. Ba4 Nf6 5. d4 exd4 6. O-O Be7 7. e5 Ne4 8.
Nxd4 O-O 9. c3 Nxe5 10. Re1 d5 11. f3 c5 12. fxe4 cxd4 13. cxd4 Bg4 14. Qb3 b5
15. dxe5 bxa4 16. Qxd5 Qb6+ 17. Be3 Qxb2 18. Bd4 Qc2 19. Na3 Bxa3 20. e6 Rad8
21. exf7+ Kh8 22. Bxg7+ Kxg7 23. Qg5+ Kxf7 24. Qxg4 Qc5+ 25. Kh1 Bb2 26. Rf1+
Ke7 27. Qh4+ Ke8 28. Rad1 Rxf1+ 29. Rxf1 Rd7 30. e5 Bxe5 31. Re1 Qb5 32. h3 Re7
33. Qg4 Bd6 34. Qg8+ Kd7 35. Rc1 Qc6 36. Qg4+ Kd8 37. Qg5 Qe4 38. Qa5+ Kd7 39.
Qc3 Re8 40. Qg7+ Ke6 41. Qh6+ Qg6 42. Qe3+ Kf7 43. Qf3+ Kg7 44. g4 Qe4 45. Qxe4
Rxe4 46. Rc6 Bf8 47. Rxa6 a3 48. Ra7+ Kg8 0-1

[Event "DM Kandidatklassen 2021"]
[Site "Svendborg"]
[Date "2021.10.20"]
[Round "3.6"]
[White "Loftgaard, Mikkel Vinh"]
[Black "Liu, Casper Yukun"]
[Result "0-1"]
[WhiteElo "2084"]
[BlackElo "2150"]
[PlyCount "88"]
[EventDate "2021.10.18"]
[EventType "swiss"]
[EventRounds "7"]
[EventCountry "DEN"]

1. e4 c6 2. d4 d5 3. Nc3 dxe4 4. Nxe4 Nf6 5. Nxf6+ exf6 6. c3 Bd6 7. Bd3 O-O 8.
Qc2 Re8+ 9. Ne2 h5 10. Be3 Nd7 11. O-O-O Nf8 12. c4 Be6 13. Kb1 Rc8 14. Rhg1 b5
15. c5 Bb8 16. h3 Ng6 17. g4 h4 18. Qd2 Bh2 19. Rg2 Bxa2+ 20. Kc2 Bc7 21. Nc3
Ba5 22. b3 Ne7 23. Be4 Qd7 24. Qd3 Bxc3 25. Qxc3 Qe6 26. Bf3 f5 27. Kb2 Nd5 28.
Bxd5 Qxd5 29. Rgg1 f4 30. Bxf4 Bxb3 31. Qxb3 Re2+ 32. Ka3 Qd8 33. Qc3 a5 34.
Qf3 b4+ 35. Kb3 a4+ 36. Kxb4 Rb2+ 37. Ka3 Rcb8 38. Rd3 Qa5 39. Bd2 Rxd2 40. Rb1
Rxb1 41. Rxd2 Qxd2 42. Qxf7+ Kxf7 43. f4 Qb2+ 44. Kxa4 Qa1# 0-1

[Event "DM Kandidatklassen 2021"]
[Site "Svendborg"]
[Date "2021.10.20"]
[Round "3.7"]
[White "Jaksland, Tim"]
[Black "Guindy, Esmat Susanne"]
[Result "1/2-1/2"]
[WhiteElo "2212"]
[BlackElo "2113"]
[PlyCount "52"]
[EventDate "2021.10.18"]
[EventType "swiss"]
[EventRounds "7"]
[EventCountry "DEN"]

1. e4 e6 2. d4 d5 3. Bd3 dxe4 4. Bxe4 Nf6 5. Bf3 c5 6. Ne2 Nc6 7. Be3 e5 8.
Bxc6+ bxc6 9. dxe5 Qxd1+ 10. Kxd1 Ng4 11. Nd2 Nxe5 12. h3 Ba6 13. Re1 O-O-O 14.
Kc1 Nc4 15. Nxc4 Bxc4 16. Nc3 Bd5 17. g3 Bd6 18. Nxd5 cxd5 19. c3 Rhe8 20. Kc2
Kb7 21. Bd2 Kc6 22. Rxe8 Rxe8 23. Re1 Rxe1 24. Bxe1 c4 25. f3 a5 26. a4 Bc5
1/2-1/2

[Event "DM Kandidatklassen 2021"]
[Site "Svendborg"]
[Date "2021.10.20"]
[Round "3.8"]
[White "Easwaralingam, Adesh"]
[Black "Koch Mueller, Oscar"]
[Result "1-0"]
[WhiteElo "2136"]
[BlackElo "1952"]
[PlyCount "103"]
[EventDate "2021.10.18"]
[EventType "swiss"]
[EventRounds "7"]
[EventCountry "DEN"]

1. e4 e6 2. d4 d5 3. Nd2 c5 4. exd5 Qxd5 5. dxc5 Qxc5 6. Ngf3 Nf6 7. Bd3 Nbd7
8. Qe2 Qc7 9. c4 b6 10. b3 Bb7 11. Bb2 Be7 12. O-O O-O 13. Nd4 Nc5 14. Bc2 Rfd8
15. Rfe1 a5 16. Rad1 Qf4 17. Nf1 Rd7 18. Nb5 Rad8 19. Bc1 Qg4 20. f3 Qh4 21.
Rxd7 Rxd7 22. Qe5 Ne8 23. Ng3 Nd6 24. Qe2 Nxb5 25. cxb5 Bd6 26. Nf1 Qd8 27. Be3
Be7 28. Qf2 Bf6 29. Ng3 Bd4 30. Bxd4 Rxd4 31. Qe3 Rd2 32. Re2 Rxe2 33. Nxe2 Qd5
34. Nc3 Qd6 35. Nb1 e5 36. Nd2 Nd7 37. Nc4 Qc7 38. Bf5 g6 39. Bxd7 Qxd7 40.
Qxe5 f6 41. Qxf6 Qd1+ 42. Kf2 Bd5 43. Ne5 Qd2+ 44. Kg3 g5 45. Ng4 Qe1+ 46. Nf2
Qd2 47. Qe5 h5 48. Qe8+ Kg7 49. Qxh5 Qf4+ 50. Kh3 Be6+ 51. Ng4 Bf7 52. Qh6+ 1-0